000 01202nam0a2200349 4500
001 RU\NLR\BIBL_A\011560925
005 20250626093121.0
010 _a978-5-17-104254-7
_93000
021 _aRU
_b2017-91336
_96534
035 _a(RuMoRGB)009469673
035 _a(NLR Aleph) 011560925
090 _a12277503
_c12277503
100 _a20171219d2017 |||y0rusy50 ca
101 0 _arus
102 _aRU
105 _aa z 000zy
200 1 _aШерлок: секреты дедукции
_eголоволомки и задачи
_f[составитель С. Лютик]
210 _aМосква
_cАСТ
_d2017 (макет 2018)
215 _a159 с.
_cил.
_d24
225 1 _aСерия "Шерлок. Супермозг"
225 1 _aСупермозг
333 _a12+
606 1 _aЛогические игры
_jПопулярные издания
_xДедуктивный метод
_92234955
_3RU\NLR\AUTH\6601573331
686 _aВ12я9
_2rubbk
686 _aЮ935с.я9
_2rubbk
686 1 _aЧ711.259игры.я9
702 1 _aЛютик
_bС.
_4220
942 _cBOOK
980 _aNB